[Event "GER-ch 2013-B-F serv"]
[Site "GER email"]
[Date "2015.01.08"]
[Round "?"]
[White "Rickert, Willi"]
[Black "Oehler, Rolf"]
[Result "1-0"]
[WhiteElo "2037"]
[BlackElo "2049"]
[PlyCount "51"]
[EventDate "2015.01.12"]
[EventType "tourn (corr)"]
[EventRounds "8"]
[EventCountry "GER"]
[SourceTitle "Corr 2020"]
[Source "ChessBase"]
[SourceDate "2019.09.30"]
[SourceVersion "1"]
[SourceVersionDate "2019.09.30"]
[SourceQuality "1"]

1. d4 Nf6 2. Bg5 Ne4 3. Bf4 c5 4. f3 Qa5+ 5. c3 Nf6 6. d5 Qb6 7. Bc1 e6 8. e4 exd5 9. exd5 Be7 10. c4 d6 11. Nc3 0-0 12. Bd3 Na6 13. a3 Nd7 14. Qc2 g6 15. Bf4 Bh4+ 16. g3 Bf6 17. 0-0-0 Ne5 18. Bxe5 Bxe5 19. h4 Qd8 20. Nh3 Qf6 21. Ng5 Nc7 22. Nce4 Qd8 23. f4 Bg7 24. h5 h6 25. hxg6 fxg6 26. Nc3 1-0

[Event "GER-ch 2013-B-F serv"]
[Site "GER email"]
[Date "2015.01.08"]
[Round "?"]
[White "Roeckendorf, Paul Uwe"]
[Black "Oehler, Rolf"]
[Result "1/2-1/2"]
[WhiteElo "2044"]
[BlackElo "2049"]
[PlyCount "41"]
[EventDate "2015.01.12"]
[EventType "tourn (corr)"]
[EventRounds "8"]
[EventCountry "GER"]
[SourceTitle "Corr 2020"]
[Source "ChessBase"]
[SourceDate "2019.09.30"]
[SourceVersion "1"]
[SourceVersionDate "2019.09.30"]
[SourceQuality "1"]

1. d4 Nf6 2. c4 e6 3. Nc3 Bb4 4. e3 0-0 5. Bd3 d5 6. Nf3 c5 7. 0-0 dxc4 8. Bxc4 Nbd7 9. Qe2 b6 10. Rd1 cxd4 11. exd4 Bb7 12. d5 Bxc3 13. dxe6 Bxf3 14. gxf3 fxe6 15. bxc3 Qc7 16. Bxe6+ Kh8 17. Qc4 Qb7 18. Bxd7 Nxd7 19. Qd5 Qxd5 20. Rxd5 Nc5 21. Kg2 1/2-1/2

[Event "GER-ch 2014-C-V9 serv"]
[Site "GER email"]
[Date "2014.07.08"]
[Round "?"]
[White "Oehler, Rolf"]
[Black "Garus, Edward"]
[Result "1-0"]
[WhiteElo "2050"]
[BlackElo "2027"]
[PlyCount "131"]
[EventDate "2014.07.10"]
[EventType "tourn (corr)"]
[EventRounds "6"]
[EventCountry "GER"]
[SourceTitle "Corr 2020"]
[Source "ChessBase"]
[SourceDate "2019.09.30"]
[SourceVersion "1"]
[SourceVersionDate "2019.09.30"]
[SourceQuality "1"]

1. e4 e5 2. Nf3 Nc6 3. Bb5 a6 4. Ba4 Nf6 5. 0-0 Be7 6. d3 b5 7. Bb3 d6 8. a4 Bd7 9. c3 0-0 10. Nbd2 Na5 11. Bc2 c5 12. Re1 Re8 13. Nf1 h6 14. h3 Bf8 15. Ne3 c4 16. Nh2 Be6 17. Nhg4 Nxg4 18. hxg4 Qc7 19. Nd5 Qb7 20. Qe2 Nb3 21. Bxb3 cxb3 22. Qf3 Be7 23. a5 Bd8 24. Be3 Rc8 25. Nb6 Rb8 26. Red1 Bc7 27. Rdc1 Red8 28. Nd5 Re8 29. g5 hxg5 30. Bxg5 Bd8 31. Bxd8 Rbxd8 32. c4 Rc8 33. Nb6 Rc5 34. Rc3 Rb8 35. Qe3 bxc4 36. dxc4 Qc6 37. Rxb3 Bxc4 38. Rc3 Be6 39. Rac1 Rd8 40. f3 Qc7 41. Qg5 Kh7 42. Kf2 Kg8 43. g4 Re8 44. Kg3 Rd8 45. R1c2 Qb8 46. Qc1 Rxc3 47. Rxc3 Rf8 48. b4 Re8 49. Rc6 Rf8 50. Qd2 Rd8 51. Kg2 Qb7 52. Rxd6 Re8 53. Na4 Bc4 54. Nc5 Qe7 55. g5 Rc8 56. Kg3 Qe8 57. Kh4 g6 58. f4 Kg7 59. f5 Qh8+ 60. Kg3 gxf5 61. exf5 Qh1 62. Qe3 Qf1 63. Qxe5+ Kg8 64. Rd2 Qg1+ 65. Rg2 Qc1 66. Nd7 1-0

[Event "GER-ch 2014-A-V7 serv"]
[Site "GER email"]
[Date "2014.02.14"]
[Round "?"]
[White "Oehler, Rolf"]
[Black "Langheld, Werner"]
[Result "1/2-1/2"]
[WhiteElo "2059"]
[BlackElo "1956"]
[PlyCount "36"]
[EventDate "2014.02.24"]
[EventType "tourn (corr)"]
[EventRounds "6"]
[EventCountry "GER"]
[SourceTitle "Corr 2015"]
[Source "ChessBase"]
[SourceDate "2015.07.17"]
[SourceVersion "1"]
[SourceVersionDate "2015.07.17"]
[SourceQuality "1"]

1. e4 c5 2. Nf3 e6 3. d4 cxd4 4. Nxd4 Bc5 5. Nb3 Bb6 6. Nc3 Ne7 7. Bf4 d5 8. exd5 Nxd5 9. Nxd5 exd5 10. Qf3 Qe7+ 11. Be2 0-0 12. 0-0 Nc6 13. Rfe1 Re8 14. c3 d4 15. Bd2 Be6 16. Bb5 dxc3 17. Bxc3 Qg5 18. Bxc6 bxc6 1/2-1/2

[Event "GER-ch 2014-A-V7 serv"]
[Site "GER email"]
[Date "2014.02.14"]
[Round "?"]
[White "Oehler, Rolf"]
[Black "Wolf, Wolfgang"]
[Result "1/2-1/2"]
[WhiteElo "2059"]
[BlackElo "2150"]
[PlyCount "48"]
[EventDate "2014.02.24"]
[EventType "tourn (corr)"]
[EventRounds "6"]
[EventCountry "GER"]
[SourceTitle "Corr 2015"]
[Source "ChessBase"]
[SourceDate "2015.07.17"]
[SourceVersion "1"]
[SourceVersionDate "2015.07.17"]
[SourceQuality "1"]

1. e4 d5 2. exd5 Qxd5 3. Nc3 Qa5 4. d4 Nf6 5. Nf3 Bf5 6. Bc4 e6 7. Bd2 Bb4 8. a3 Bxc3 9. Bxc3 Qb6 10. 0-0 Nc6 11. a4 a5 12. Bb5 0-0 13. Nd2 Nb4 14. Nc4 Qa7 15. Ne3 Bg6 16. Be1 c6 17. c3 Nbd5 18. Bd3 Bxd3 19. Qxd3 Rfd8 20. f3 e5 21. Nxd5 Rxd5 22. Qc4 exd4 23. Bf2 Rad8 24. Rfd1 Qb6 1/2-1/2

[Event "GER-ch44 V02 email"]
[Site "GER email"]
[Date "2013.07.20"]
[Round "?"]
[White "Reinecke, Rudolf"]
[Black "Oehler, Rolf"]
[Result "1/2-1/2"]
[WhiteElo "2074"]
[BlackElo "2057"]
[PlyCount "58"]
[EventDate "2012.??.??"]
[EventType "tourn (corr)"]
[EventRounds "10"]
[EventCountry "GER"]
[SourceTitle "Corr 2015"]
[Source "ChessBase"]
[SourceDate "2015.07.17"]
[SourceVersion "1"]
[SourceVersionDate "2015.07.17"]
[SourceQuality "1"]

1. d4 Nf6 2. c4 e6 3. Nc3 Bb4 4. e3 0-0 5. Bd3 d5 6. Nf3 c5 7. 0-0 dxc4 8. Bxc4 Nbd7 9. a3 cxd4 10. axb4 dxc3 11. bxc3 Qc7 12. Qb3 Nb6 13. Be2 e5 14. Ra5 Be6 15. Qc2 Nbd7 16. Bb2 Rfc8 17. h3 b6 18. Ra6 Bc4 19. Rfa1 Bxa6 20. Bxa6 Re8 21. c4 h6 22. Qa4 Re7 23. Rc1 Rd8 24. Qc2 Re6 25. Qb1 Rde8 26. Qc2 Rf8 27. Qa4 Rd8 28. Qb3 Ne4 29. Bb5 Qb7 1/2-1/2

[Event "GER-ch 2013-C-V3 serv"]
[Site "GER email"]
[Date "2013.??.??"]
[Round "?"]
[White "Lelgemann, Ludwig"]
[Black "Oehler, Rolf"]
[Result "0-1"]
[WhiteElo "2005"]
[BlackElo "2057"]
[PlyCount "116"]
[EventDate "2013.06.20"]
[EventType "tourn (corr)"]
[EventRounds "6"]
[EventCountry "GER"]
[SourceTitle "Corr 2015"]
[Source "ChessBase"]
[SourceDate "2015.07.17"]
[SourceVersion "1"]
[SourceVersionDate "2015.07.17"]
[SourceQuality "1"]

1. d4 Nf6 2. Bg5 Ne4 3. Bf4 c5 4. f3 Qa5+ 5. c3 Nf6 6. Nd2 cxd4 7. Nb3 Qb6 8. Qxd4 Nc6 9. Qxb6 axb6 10. Be3 b5 11. Nd4 Nxd4 12. Bxd4 d6 13. e4 Bd7 14. Bxf6 gxf6 15. Bd3 Bg7 16. Ne2 b4 17. cxb4 f5 18. Nc3 fxe4 19. Bxe4 e6 20. Kd2 d5 21. Bd3 Ke7 22. Rhe1 Kd6 23. Kc2 h5 24. Kb3 Be5 25. h3 h4 26. a4 Rhg8 27. Re2 Rg5 28. Rf2 Bf4 29. Rd1 Ke7 30. a5 Rag8 31. Bf1 Re5 32. Re2 Rxe2 33. Nxe2 Bg5 34. Nc3 f5 35. b5 Ra8 36. a6 Kd6 37. Ra1 Be3 38. Ra4 Rb8 39. Nb1 Bg5 40. Rb4 Bd2 41. Rd4 Be1 42. Ra4 bxa6 43. Rxa6+ Ke5 44. Ka4 Kd4 45. Ra7 Be8 46. Ra6 e5 47. Rf6 Bd7 48. Be2 e4 49. fxe4 fxe4 50. Rf7 Rb7 51. Rf1 Bd2 52. Rf8 e3 53. Rf4+ Ke5 54. Rxh4 d4 55. Rh5+ Kf6 56. b4 Be8 57. Re5 Ra7+ 58. Kb3 Bf7+ 0-1

[Event "GER-ch 2013-C-V3 serv"]
[Site "GER email"]
[Date "2013.??.??"]
[Round "?"]
[White "Oehler, Rolf"]
[Black "Horst, Lothar"]
[Result "1-0"]
[WhiteElo "2057"]
[BlackElo "1822"]
[PlyCount "147"]
[EventDate "2013.06.20"]
[EventType "tourn (corr)"]
[EventRounds "6"]
[EventCountry "GER"]
[SourceTitle "Corr 2015"]
[Source "ChessBase"]
[SourceDate "2015.07.17"]
[SourceVersion "1"]
[SourceVersionDate "2015.07.17"]
[SourceQuality "1"]

1. e4 Nf6 2. e5 Nd5 3. d4 d6 4. Nf3 dxe5 5. Nxe5 Nd7 6. Nf3 e6 7. c4 N5f6 8. Nc3 c5 9. Be2 cxd4 10. Nxd4 Be7 11. 0-0 0-0 12. Be3 Ne5 13. h3 a6 14. Nf3 Ng6 15. Qb3 Qc7 16. Rad1 Bd7 17. Rfe1 Bd8 18. Bd3 Bc6 19. Nd4 Rc8 20. Rc1 Nf4 21. Bf1 Bd7 22. Nf3 Ng6 23. Rcd1 Re8 24. Rd2 Bc6 25. Nd4 Be7 26. Nxc6 Qxc6 27. Bd4 Red8 28. g3 Bc5 29. Bg2 Qc7 30. Red1 b6 31. Qa4 Rxd4 32. Rxd4 Bxd4 33. Rxd4 e5 34. Rd3 Qxc4 35. Qxc4 Rxc4 36. Rd6 b5 37. Rxa6 b4 38. Nd5 Rc1+ 39. Kh2 Nxd5 40. Bxd5 Rc2 41. Kg2 Nf8 42. Ra7 Ne6 43. Ra8+ Nf8 44. a4 Rxb2 45. a5 Rb1 46. Bc4 g6 47. a6 Ra1 48. Ra7 Ne6 49. Rb7 b3 50. Rxb3 Ra4 51. Rb8+ Kg7 52. Bb5 Ra1 53. Rb7 Nc5 54. h4 Kf6 55. Ra7 Ne4 56. Rd7 Nc5 57. Rc7 Ne6 58. Ra7 e4 59. Be8 Ke5 60. Bxf7 Nc5 61. Bc4 Kd4 62. Bb5 Ra5 63. Ra8 Ne6 64. Bf1 Ra2 65. a7 e3 66. Re8 Nc7 67. Re7 Rxf2+ 68. Kg1 Na8 69. Rxh7 Ra2 70. g4 Ke5 71. h5 gxh5 72. gxh5 Kf6 73. h6 Kg5 74. Bd3 1-0

[Event "GER ML-381 email"]
[Site "GER email"]
[Date "2012.01.28"]
[Round "?"]
[White "Oehler, Rolf"]
[Black "Bruening, Ralf"]
[Result "1/2-1/2"]
[WhiteElo "2057"]
[BlackElo "1976"]
[PlyCount "56"]
[EventDate "2012.??.??"]
[EventType "tourn (corr)"]
[EventRounds "6"]
[EventCountry "GER"]
[SourceTitle "Corr 2015"]
[Source "ChessBase"]
[SourceDate "2015.07.17"]
[SourceVersion "1"]
[SourceVersionDate "2015.07.17"]
[SourceQuality "1"]

1. e4 c5 2. Nf3 d6 3. d4 cxd4 4. Nxd4 Nf6 5. Nc3 a6 6. Be3 e5 7. Nb3 Be6 8. f3 h5 9. Qd2 Nbd7 10. 0-0-0 Be7 11. Kb1 b5 12. Nd5 Bxd5 13. exd5 Nb6 14. Bxb6 Qxb6 15. Na5 Rc8 16. Nc6 Nxd5 17. Nxe7 Nxe7 18. Qxd6 Qxd6 19. Rxd6 Nc6 20. Rd2 Ke7 21. Bd3 Rhd8 22. Rhd1 Rd6 23. c3 Nd8 24. Kc2 Ne6 25. Be4 Rxd2+ 26. Rxd2 Rc7 27. Kd3 Nc5+ 28. Ke3 Na4 1/2-1/2

[Event "GER-ch 2012-G-V3 serv"]
[Site "GER email"]
[Date "2012.??.??"]
[Round "?"]
[White "Drobka, Manfred"]
[Black "Oehler, Rolf"]
[Result "1/2-1/2"]
[WhiteElo "2187"]
[BlackElo "2057"]
[PlyCount "112"]
[EventDate "2012.12.01"]
[EventType "tourn (corr)"]
[EventRounds "6"]
[EventCountry "GER"]
[SourceTitle "Corr 2015"]
[Source "ChessBase"]
[SourceDate "2015.07.17"]
[SourceVersion "1"]
[SourceVersionDate "2015.07.17"]
[SourceQuality "1"]

1. e4 e5 2. Nf3 Nc6 3. Bb5 a6 4. Bxc6 dxc6 5. 0-0 f6 6. d4 exd4 7. Nxd4 c5 8. Ne2 Qxd1 9. Rxd1 Bd7 10. Be3 0-0-0 11. Nbc3 Bd6 12. Bf4 Bxf4 13. Nxf4 Ne7 14. f3 Rhf8 15. g4 b6 16. Kf2 Ng6 17. Ncd5 Kb7 18. Kg3 c6 19. Nxg6 hxg6 20. Nc3 Kc7 21. Re1 g5 22. e5 Be8 23. exf6 gxf6 24. Re7+ Rd7 25. Rae1 Bg6 26. Rxd7+ Kxd7 27. Re2 f5 28. Na4 Rb8 29. b3 Kc7 30. h4 fxg4 31. fxg4 gxh4+ 32. Kxh4 Rg8 33. c4 Be8 34. Rc2 Rh8+ 35. Kg3 Rg8 36. Rg2 Bg6 37. Kh4 Rf8 38. Re2 Rf3 39. Kg5 Bb1 40. Rd2 Be4 41. Rh2 Bd3 42. Kh6 Rf7 43. Rd2 Rf3 44. g5 Rh3+ 45. Kg7 Rg3 46. Kf6 Rf3+ 47. Ke5 Rf5+ 48. Ke6 Rf3 49. Rh2 Bb1 50. Ke7 Rg3 51. Kf6 a5 52. Rf2 Bd3 53. Rd2 Rf3+ 54. Ke5 Bb1 55. Rg2 Bg6 56. Ke6 Bf7+ 1/2-1/2

[Event "GER-ch 2012-G-V3 serv"]
[Site "GER email"]
[Date "2012.??.??"]
[Round "?"]
[White "Mager, Friedhelm"]
[Black "Oehler, Rolf"]
[Result "0-1"]
[WhiteElo "2103"]
[BlackElo "2057"]
[PlyCount "96"]
[EventDate "2012.12.01"]
[EventType "tourn (corr)"]
[EventRounds "6"]
[EventCountry "GER"]
[SourceTitle "Corr 2015"]
[Source "ChessBase"]
[SourceDate "2015.07.17"]
[SourceVersion "1"]
[SourceVersionDate "2015.07.17"]
[SourceQuality "1"]

1. d4 Nf6 2. c4 e6 3. Nf3 d5 4. Nc3 c6 5. e3 Nbd7 6. Bd3 dxc4 7. Bxc4 b5 8. Bd3 Bd6 9. 0-0 0-0 10. Bd2 b4 11. Na4 c5 12. Rc1 cxd4 13. Nxd4 Bb7 14. f4 Rc8 15. Rxc8 Qxc8 16. Qe2 Qb8 17. Bb5 Rc8 18. Bxd7 Nxd7 19. Qb5 e5 20. Nf5 Bf8 21. Qxd7 Rd8 22. Nh6+ gxh6 23. Qg4+ Kh8 24. Be1 Qc8 25. Qxc8 Rxc8 26. fxe5 Kg8 27. Bh4 h5 28. Rd1 Bh6 29. Rd8+ Rxd8 30. Bxd8 Bc6 31. b3 Bxe3+ 32. Kh1 Be4 33. Ba5 h4 34. h3 Bb1 35. Bxb4 Bxa2 36. Bc5 Bxc5 37. Nxc5 Kg7 38. e6 Kf6 39. exf7 Kxf7 40. Kg1 Ke7 41. Kf2 Kd6 42. b4 Kd5 43. Ke3 a5 44. Nd3 a4 45. Kd2 Kc4 46. Ne5+ Kxb4 47. Kc2 Bd5 48. Nd3+ Kc4 0-1

[Event "GER-ch 2012-A-V2 serv"]
[Site "GER email"]
[Date "2012.??.??"]
[Round "?"]
[White "Oehler, Rolf"]
[Black "Winkler, Uwe"]
[Result "1/2-1/2"]
[WhiteElo "1786"]
[BlackElo "2063"]
[PlyCount "95"]
[EventDate "2012.03.19"]
[EventType "tourn (corr)"]
[EventRounds "6"]
[EventCountry "GER"]
[SourceTitle "Corr 2015"]
[Source "ChessBase"]
[SourceDate "2015.07.17"]
[SourceVersion "1"]
[SourceVersionDate "2015.07.17"]
[SourceQuality "1"]

1. e4 c5 2. Nf3 Nc6 3. d4 cxd4 4. Nxd4 Nf6 5. Nc3 d6 6. Bg5 e6 7. Qd2 a6 8. 0-0-0 Bd7 9. f4 b5 10. Bxf6 gxf6 11. Kb1 Qb6 12. Nxc6 Bxc6 13. Qe1 0-0-0 14. Bd3 b4 15. Ne2 d5 16. Qh4 Bd6 17. Ng3 dxe4 18. Nxe4 Be7 19. f5 e5 20. Qh5 Bd5 21. Rhe1 Kb8 22. b3 Qc6 23. Qe2 h5 24. g3 h4 25. g4 h3 26. Rf1 Rh4 27. Rg1 a5 28. Rgf1 a4 29. bxa4 Qxa4 30. Bc4 Bxc4 31. Rxd8+ Bxd8 32. Qxc4 Rxg4 33. Rf3 Bb6 34. Rb3 Rg1+ 35. Kb2 Bd4+ 36. Nc3 Bxc3+ 37. Qxc3 Qa3+ 38. Rxa3 bxc3+ 39. Rxc3 Rg5 40. Rxh3 Rxf5 41. Rh7 Kc7 42. Rxf7+ Kd6 43. a4 e4 44. Kc3 Rd5 45. Rxf6+ Ke5 46. Rf7 e3 47. h4 Ke4 48. Re7+ 1/2-1/2

[Event "GER-ch 2012-G-V3 serv"]
[Site "GER email"]
[Date "2012.??.??"]
[Round "?"]
[White "Ries, Berthold"]
[Black "Oehler, Rolf"]
[Result "1-0"]
[WhiteElo "1853"]
[BlackElo "1786"]
[PlyCount "82"]
[EventDate "2012.12.01"]
[EventType "tourn (corr)"]
[EventRounds "6"]
[EventCountry "GER"]
[SourceTitle "Corr 2015"]
[Source "ChessBase"]
[SourceDate "2015.07.17"]
[SourceVersion "1"]
[SourceVersionDate "2015.07.17"]
[SourceQuality "1"]

1. e4 e5 2. Nf3 Nc6 3. Bb5 a6 4. Ba4 Nf6 5. 0-0 b5 6. Bb3 Be7 7. d4 d6 8. dxe5 dxe5 9. Qxd8+ Bxd8 10. a4 b4 11. Be3 Be7 12. Nbd2 Bb7 13. Rfd1 Ng4 14. Nc4 Nxe3 15. Nxe3 f6 16. Bd5 Nd8 17. Nd2 Bxd5 18. exd5 Nb7 19. Nb3 g6 20. Rac1 Nc5 21. Nxc5 Bxc5 22. c3 b3 23. Nc4 e4 24. Kf1 f5 25. Na5 Rb8 26. Nc6 Rb7 27. Re1 Kd7 28. Rcd1 Rf8 29. f3 Kd6 30. g3 Rb6 31. h4 h5 32. Kg2 e3 33. Kf1 Re8 34. a5 Rb5 35. Rd3 f4 36. gxf4 Rf8 37. c4 Rb7 38. Ke2 Rxf4 39. Rg1 Rf6 40. Rg2 Ba7 41. Rd1 Kc5 1-0

[Event "GER ML-375 email"]
[Site "GER email"]
[Date "2011.??.??"]
[Round "?"]
[White "Kienel, Norbert"]
[Black "Oehler, Rolf"]
[Result "0-1"]
[WhiteElo "1938"]
[BlackElo "1786"]
[PlyCount "138"]
[EventDate "2011.??.??"]
[EventType "tourn (corr)"]
[EventRounds "6"]
[EventCountry "GER"]
[SourceTitle "Corr 2015"]
[Source "ChessBase"]
[SourceDate "2015.07.17"]
[SourceVersion "1"]
[SourceVersionDate "2015.07.17"]
[SourceQuality "1"]
[WhiteTeam "Germany"]
[BlackTeam "Germany"]
[WhiteTeamCountry "GER"]
[BlackTeamCountry "GER"]

1. d4 Nf6 2. c4 e6 3. Nc3 Bb4 4. e3 0-0 5. Bd2 b6 6. Nf3 Bb7 7. Bd3 d5 8. cxd5 exd5 9. 0-0 Nbd7 10. Nb5 Be7 11. Rc1 c5 12. Nc3 c4 13. Bf5 g6 14. Bc2 Ne4 15. Be1 Nxc3 16. Bxc3 b5 17. Qe1 a5 18. e4 Qb6 19. Qe3 Rfe8 20. e5 b4 21. Bd2 a4 22. Qh6 Nf8 23. Bg5 Bxg5 24. Qxg5 b3 25. axb3 cxb3 26. Bb1 a3 27. bxa3 b2 28. Rc2 Rxa3 29. Qd2 Rb3 30. h4 Ba6 31. Re1 Rb8 32. Re3 Bc8 33. Rxb3 Qxb3 34. Rc3 Qb4 35. Rxc8 Qxd2 36. Rxf8+ Kxf8 37. Nxd2 Rb4 38. Nf3 Rc4 39. Kh2 Rc1 40. Bd3 b1Q 41. Bxb1 Rxb1 42. Kg3 Ke7 43. Kf4 h6 44. g3 Ra1 45. h5 Ra3 46. hxg6 fxg6 47. Ng1 Ke6 48. Ne2 Ra2 49. Kf3 Kf5 50. Nf4 Ra3+ 51. Kg2 Ra5 52. Kf3 h5 53. Kg2 h4 54. Ne2 g5 55. gxh4 gxh4 56. Nc3 h3+ 57. Kh2 Kg5 58. Nd1 Ra4 59. Kxh3 Rxd4 60. Ne3 Rh4+ 61. Kg3 d4 62. Nd5 Rh1 63. e6 Re1 64. e7 Re6 65. Kf3 Kf5 66. Kg3 Re5 67. Nb4 Rxe7 68. Kf3 Ra7 69. Nc2 Rd7 0-1

[Event "GER ML-377 email"]
[Site "GER email"]
[Date "2011.??.??"]
[Round "?"]
[White "Kocks, Friedhelm"]
[Black "Oehler, Rolf"]
[Result "1/2-1/2"]
[WhiteElo "2075"]
[BlackElo "1786"]
[PlyCount "117"]
[EventDate "2011.??.??"]
[EventType "tourn (corr)"]
[EventRounds "6"]
[EventCountry "GER"]
[SourceTitle "Corr 2015"]
[Source "ChessBase"]
[SourceDate "2015.07.17"]
[SourceVersion "1"]
[SourceVersionDate "2015.07.17"]
[SourceQuality "1"]
[WhiteTeam "Germany"]
[BlackTeam "Germany"]
[WhiteTeamCountry "GER"]
[BlackTeamCountry "GER"]

1. e4 e6 2. d4 d5 3. Nc3 Nf6 4. Bg5 dxe4 5. Nxe4 Be7 6. Bxf6 Bxf6 7. Nf3 0-0 8. Qd2 Nd7 9. 0-0-0 Be7 10. Bd3 b6 11. h4 Bb7 12. Neg5 h6 13. Bh7+ Kh8 14. Be4 Bxg5 15. Nxg5 Qb8 16. Bxb7 Qxb7 17. Nf3 Rad8 18. Qe2 Nf6 19. Rhg1 Qd5 20. Kb1 Qh5 21. a3 Rd5 22. Qa6 c5 23. dxc5 Rxc5 24. Rd2 Rfc8 25. Re1 R8c7 26. Rd8+ Kh7 27. Qd3+ Qf5 28. c3 Rd7 29. Rxd7 Nxd7 30. Qxf5+ Rxf5 31. Kc2 Kg6 32. b4 b5 33. Kb3 a6 34. Re2 Kf6 35. Rd2 Ke7 36. Nd4 Rd5 37. a4 Nb6 38. Nc6+ Kd6 39. Rxd5+ Nxd5 40. axb5 axb5 41. Na7 Nc7 42. c4 bxc4+ 43. Kxc4 Nd5 44. Nb5+ Kc6 45. Nc3 Nf6 46. f3 Nd7 47. b5+ Kd6 48. Ne4+ Ke5 49. Nc5 Nb6+ 50. Kb4 Kd5 51. h5 Nc4 52. Ne4 Kd4 53. g4 Ne3 54. g5 Nd5+ 55. Ka5 hxg5 56. Nxg5 Ke3 57. Ne4 Kxf3 58. Nc3 Nf6 59. Kb6 1/2-1/2

[Event "GER-ch44 V02 email"]
[Site "GER email"]
[Date "2011.??.??"]
[Round "?"]
[White "Oehler, Rolf"]
[Black "Mehaux, Heiko"]
[Result "1/2-1/2"]
[WhiteElo "2057"]
[BlackElo "2078"]
[PlyCount "52"]
[EventDate "2012.??.??"]
[EventType "tourn (corr)"]
[EventRounds "10"]
[EventCountry "GER"]
[SourceTitle "Corr 2015"]
[Source "ChessBase"]
[SourceDate "2015.07.17"]
[SourceVersion "1"]
[SourceVersionDate "2015.07.17"]
[SourceQuality "1"]

1. d4 d5 2. c4 c6 3. Nf3 Nf6 4. Nc3 e6 5. e3 Nbd7 6. Bd3 Bd6 7. e4 dxe4 8. Nxe4 Nxe4 9. Bxe4 0-0 10. 0-0 c5 11. Bc2 Qc7 12. Qd3 f5 13. Rd1 cxd4 14. Qxd4 Bc5 15. Qh4 Ne5 16. Qf4 Nxf3+ 17. Qxf3 Rf7 18. Ba4 Bd6 19. g3 Bd7 20. Bxd7 Rxd7 21. b3 Be5 22. Bf4 Bxf4 23. Rxd7 Qxd7 24. Qxf4 Rd8 25. Qe3 b6 26. a4 Qd6 1/2-1/2

[Event "GER-ch44 V02 email"]
[Site "GER email"]
[Date "2011.??.??"]
[Round "?"]
[White "Ries, Berthold"]
[Black "Oehler, Rolf"]
[Result "1/2-1/2"]
[WhiteElo "1853"]
[BlackElo "2057"]
[PlyCount "77"]
[EventDate "2012.??.??"]
[EventType "tourn (corr)"]
[EventRounds "10"]
[EventCountry "GER"]
[SourceTitle "Corr 2015"]
[Source "ChessBase"]
[SourceDate "2015.07.17"]
[SourceVersion "1"]
[SourceVersionDate "2015.07.17"]
[SourceQuality "1"]

1. e4 e5 2. Nf3 Nc6 3. Bb5 a6 4. Bxc6 dxc6 5. 0-0 f6 6. d4 exd4 7. Nxd4 c5 8. Ne2 Qxd1 9. Rxd1 Bd7 10. Be3 0-0-0 11. Nbc3 Re8 12. Rd2 Bc6 13. Rad1 b6 14. f3 Ne7 15. Nf4 Ng6 16. Ncd5 Ne5 17. b3 c4 18. Kf2 Kb7 19. Bd4 Bd6 20. Nh5 Bxd5 21. exd5 Rhg8 22. Re2 cxb3 23. axb3 Re7 24. g3 Ng6 25. Re6 Rf7 26. c4 a5 27. Rc1 Ne7 28. Kg2 Rgf8 29. g4 Ng6 30. Bf2 f5 31. g5 Bf4 32. Be3 Bxe3 33. Rxe3 f4 34. Re4 Nh4+ 35. Kf2 Ng6 36. c5 Rd8 37. Rd4 bxc5 38. Rxc5 Kb6 39. Rc6+ 1/2-1/2